000
00296nam a2200145Ia 4500
100
_a
Tate/Bruce A
942
_c
BK
366
_f
25
245
_a
Seven Languages in seven weeks
260
_b
SPD
_c
2010
082
_a
5.133
_b
TAT
300
_a
317
546
_a
ENGLISH
_c
Computers
999
_c
22923
_d
22923